HANIMIN ÇİFTLİĞİ (Record no. 773757)

MARC details
000 -LEADER
sabit uzunluktaki kontrol alanı 00243nam a2200097Ia 4500
001 - KONTROL NUMARASI
kontrol alanı 773757
005 - EN SON İŞLEMİN TARİH VE ZAMANI
kontrol alanı 20250826165758.0
008 - SABİT-UZUNLUKTA VERİ ÖĞELERİ--GENEL BİLGİ
sabit uzunluktaki kontrol alanı 250824s9999 xx 000 0 und d
245 #0 - ESER / YAZAR
ESER ADI HANIMIN ÇİFTLİĞİ
Yazar Adı ORHAN KEMAL
260 ## - YAYIN, DAĞITIM, VB.
YAYIN EVİ EVEREST YAYINLARI
Holdings
Düşüm durumu Kayıp durumu Hasar Durumu Ödünç verilmez Ana kütüphane Geçerli Kütüphane Edinilen tarih Toplam ödünç verme sayısı Barkod Son görüntüleme tarihi Fiyatın geçerli olmaya başladığı tarih Koha materyal türü
        SANCAK ORTAOKULU SANCAK ORTAOKULU 24.08.2025   10341614 26.08.2025 26.08.2025 Books